Horská chata

Saved in:
Bibliographic Details
Main Author: Kuzmiaková, Mária (Author)
Other Authors: Krajcsovics, Lorant (Thesis advisor)
Format: Manuscript Book
Language:Slovak
Published: Bratislava 2017
Subjects:
Online Access:http://is.stuba.sk/zp/portal_zp.pl?podrobnosti=128326
Tags: Add Tag
No Tags, Be the first to tag this record!

MARC

LEADER 00000ntm a22000003a 4500
001 stuzp63623
003 SK-STU
005 20210212110250.6
007 ta
008 150427s2015----xo-----f-mn---000-0-slo-d
040 |a STU  |b slo 
041 0 |a slo 
100 1 |a Kuzmiaková, Mária  |u 052120  |4 aut  |U FAD Fakulta architektúry  |T FA Ústav ekologickej a experimentálnej architektúry  |X 61920  |U A2120  |Y 393  |7 61920 
242 0 1 |a Mountain refuge  |y eng 
245 1 0 |a Horská chata 
260 |c 2017  |a Bratislava 
650 4 |a chata  |2 slo 
650 4 |a hory  |2 slo 
650 4 |a ekologické  |2 slo 
650 4 |a hut  |2 eng 
650 4 |a mountains  |2 eng 
650 4 |a ecological  |2 eng 
700 1 |a Krajcsovics, Lorant  |u 052120  |k Z1  |4 ths  |U FAD Fakulta architektúry  |T FA Ústav ekologickej a experimentálnej architektúry  |X 4831  |U A2120  |Y 393  |7 A000004831 
856 4 |u http://is.stuba.sk/zp/portal_zp.pl?podrobnosti=128326  |u https://opac.crzp.sk/?fn=detailBiblioForm&sid=E7FF18FD4FFD5019D5F9EA3CC38C